Statistics for IndyCar Race Winners

Click here to take the quiz!

General Stats

  • This quiz has been taken 596 times
    (197 since last reset)
  • The average score is 72 of 255

Answer Stats

WinsDriverCountry% Correct
57Scott DixonNew Zealand
93%
41Will PowerAustralia
92%
52Mario AndrettiUnited States
90%
42Michael AndrettiUnited States
90%
1John AndrettiUnited States
89%
2Marco AndrettiUnited States
89%
31Hélio CastronevesBrazil
85%
4Marcus EricssonSweden
85%
67A.J. FoytUnited States
84%
29Josef NewgardenUnited States
84%
15Juan Pablo MontoyaColombia
82%
5Pato O'WardMexico
78%
10Álex PalouSpain
77%
24Bobby RahalUnited States
77%
6Graham RahalUnited States
77%
15Simon PagenaudFrance
77%
4Bryan HertaUnited States
74%
7Colton HertaUnited States
74%
6Takuma SatoJapan
73%
8Alexander RossiUnited States
71%
5Jacques VilleneuveCanada
71%
6Mauri RoseUnited States
71%
37Sébastien BourdaisFrance
70%
1Jacques Villeneuve, Sr.Canada
68%
34Al Unser, Jr.United States
67%
39Al Unser, Sr.United States
67%
35Bobby UnserUnited States
67%
18Ryan Hunter-ReayUnited States
67%
17Tony KanaanBrazil
67%
1Danica PatrickUnited States
66%
16Dan WheldonUnited Kingdom
66%
22Emerson FittipaldiBrazil
66%
2Louis UnserUnited States
66%
2Christian FittipaldiBrazil
64%
1Christian LundgaardDenmark
64%
5Scott McLaughlinNew Zealand
64%
31Dario FranchittiUnited Kingdom
63%
1Felix RosenqvistSweden
63%
2Kyle KirkwoodUnited States
62%
7Justin WilsonUnited Kingdom
59%
6James HinchcliffeCanada
58%
3Ed CarpenterUnited States
56%
31Paul TracyCanada
53%
15Alex ZanardiItaly
52%
1Graham HillUnited Kingdom
52%
5Bennett HillUnited States
51%
5Nigel MansellUnited Kingdom
51%
1Rinus VeeKayThe Netherlands
51%
5Greg MooreCanada
48%
2Lou MooreUnited States
48%
6Parnelli JonesUnited States
48%
5Eddie CheeverUnited States
47%
2Jim ClarkUnited Kingdom
47%
19Sam Hornish, Jr.United States
47%
3Tony StewartUnited States
47%
9Kenny BräckSweden
45%
24Ted HornUnited States
45%
12Gil de FerranBrazil
44%
4Bill VukovichUnited States
42%
1Bill Vukovich IIUnited States
42%
2Tomas ScheckterSouth Africa
42%
7Arie LuyendykThe Netherlands
41%
29Rick MearsUnited States
40%
8Buddy LazierUnited States
38%
1Jacques LazierUnited States
38%
3Buddy RiceUnited States
37%
25Gordon JohncockUnited States
37%
1Jeff WardUnited States
37%
27Johnny RutherfordUnited States
37%
26Rodger WardUnited States
37%
17Danny SullivanUnited States
36%
1Larry RiceUnited States
36%
8Ryan BriscoeAustralia
36%
5Scott GoodyearCanada
34%
13Tom SnevaUnited States
34%
1Van JohnsonUnited States
34%
4Bob SweikertUnited States
33%
1Gaston ChevroletFrance
33%
11Johnnie ParsonsUnited States
33%
2Louis ChevroletSwitzerland
33%
4Sam HanksUnited States
33%
2Robby GordonUnited States
32%
9Scott SharpUnited States
32%
1Carlos MuñozColombia
30%
7Dan GurneyUnited States
30%
12Cristiano da MattaBrazil
29%
19Jimmy BryanUnited States
29%
1Maurício GugelminBrazil
29%
3Pat FlahertyUnited States
29%
10Jimmy VasserUnited States
27%
3Mark DonohueUnited States
27%
2Robert DoornbosThe Netherlands
27%
5Teo FabiItaly
27%
2Troy RuttmanUnited States
27%
1Charlie KimballUnited States
26%
3Lee WallardUnited States
26%
3Max PapisItaly
26%
1Oriol ServiàSpain
26%
2Roberto GuerreroColombia
26%
11Adrián FernándezMexico
25%
1Carlos HuertasColombia
25%
6Gary BettenhausenUnited States
25%
3Jim RathmannUnited States
25%
2Roberto MorenoBrazil
25%
22Tony BettenhausenUnited States
25%
21Bill HollandUnited States
23%
1Eliseo SalazarChile
23%
5Greg RayUnited States
23%
1Peter RevsonUnited States
23%
1Richie HearnUnited States
23%
6Wilbur ShawUnited States
23%
5A.J. AllmendingerUnited States
22%
1Alex TaglianiCanada
22%
1Kevin CoganUnited States
22%
7Louis MeyerUnited States
22%
1Billy BoatUnited States
21%
8Bruno JunqueiraBrazil
21%
1Buzz CalkinsUnited States
21%
6Danny OngaisUnited States
21%
5Dario RestaUnited Kingdom
21%
2Mario DomínguezMexico
21%
3Mark BlundellUnited Kingdom
21%
4Mike ConwayUnited Kingdom
21%
5Patrick CarpentierCanada
21%
6Ralph DePalmaItaly
21%
1Swede SavageUnited States
21%
1Floyd RobertsUnited States
19%
1George SniderUnited States
19%
1Howdy WilcoxUnited States
19%
2Michel Jourdain, Jr.Mexico
19%
3André RibeiroBrazil
18%
6Bill CummingsUnited States
18%
8Eddie SachsUnited States
18%
1Felipe GiaffoneBrazil
18%
1Fred FrameUnited States
18%
1Lora L. CorumUnited States
18%
2Art PollardUnited States
16%
3Billy ArnoldUnited States
16%
1Floyd DavisUnited States
16%
6George RobsonUnited States
16%
1George SoudersUnited States
16%
1Jim GuthrieUnited States
16%
17Jimmy MurphyUnited States
16%
1Joe BoyerUnited States
16%
1Louis SchneiderUnited States
16%
1Pancho CarterUnited States
16%
10Pete DePaoloUnited States
16%
2Scott PruettUnited States
16%
12Tommy MiltonUnited States
16%
1Airton DareBrazil
15%
2Alex BarronUnited States
15%
1Bernd RosemeyerGermany
15%
5Earl CooperUnited States
15%
9Frank LockhartUnited States
15%
1Fred AgabashianUnited States
15%
1Hal RobsonUnited States
15%
5Jim McElreathUnited States
15%
2Joe ThomasUnited States
15%
4Kelly PetilloUnited States
15%
2Manny AyuloUnited States
15%
2Pietro BordinoItaly
15%
4Ray KeechUnited States
15%
8Rex MaysUnited States
15%
1Rich VoglerUnited States
15%
2Robbie BuhlUnited States
15%
5Roger McCluskeyUnited States
15%
1Tazio NuvolariItaly
15%
5Wally Dallenbach, Sr.United States
15%
5Barney OldfieldUnited States
14%
1Bobby OliveroUnited States
14%
6Don BransonUnited States
14%
1Duke DismoreUnited States
14%
3George AmickUnited States
14%
1George FollmerUnited States
14%
7Harry HartzUnited States
14%
1Héctor RebaqueMexico
14%
4Jack McGrathUnited States
14%
4Jim HurtubiseUnited States
14%
6Joe LeonardUnited States
14%
2John Paul, Jr.United States
14%
4Leon DurayUnited States
14%
7Lloyd RubyUnited States
14%
1Mark DismoreUnited States
14%
5Mike MosleyUnited States
14%
1Mike NazarukUnited States
14%
1Nelson PhilippeFrance
14%
2Paul RussoUnited States
14%
1Sam SchmidtUnited States
14%
4Eddie HearneUnited States
12%
3Jimmy DaviesUnited States
12%
7Johnny ThomsonUnited States
12%
3Walt FaulknerUnited States
12%
4Al RogersUnited States
11%
1Art BischUnited States
11%
1Bobby BallUnited States
11%
4Chuck StevensonUnited States
11%
1Elmer GeorgeUnited States
11%
1Hank RogersUnited States
11%
1Jimmy SnyderUnited States
11%
7Joie ChitwoodUnited States
11%
5Jud LarsonUnited States
11%
1Bud TingelstadUnited States
10%
1Henry BanksUnited States
10%
2Mel HansenUnited States
10%
2Pat O'ConnorUnited States
10%
1Ronnie BucknumUnited States
10%
4Shorty CantlonUnited States
10%
2Babe StappUnited States
8%
4Billy WinnUnited States
8%
1Bobby MarshmanUnited States
8%
1Bumpy BumpusUnited States
8%
4Dave LewisUnited States
8%
4Frank ElliottUnited States
8%
1Keith KauffmanUnited States
8%
1Wes VandervoortUnited States
8%
2Bob CareyUnited States
7%
1Charles BurmanUnited States
7%
3Eddie RickenbackerUnited States
7%
2George ConnorUnited States
7%
5Johnny AitkenUnited States
7%
3Len SuttonUnited States
7%
1Lucky LuxUnited States
7%
4Myron FohrUnited States
7%
5Walt AderUnited States
7%
1Walt BrownUnited States
7%
1Bobby GrimUnited States
5%
1Guy VaughnUnited States
5%
1Jim PackardUnited States
5%
1Stubby StubblefieldUnited States
5%
1Bill SchindlerUnited States
4%
2Bob McDonoghUnited States
4%
2Cliff WoodburyUnited States
4%
1Dick AtkinsUnited States
4%
1Earl DevoreUnited States
4%
1Eddie PullenUnited States
4%
1Emil AndresUnited States
4%
1Fred ComerUnited States
4%
2Harlan FenglerUnited States
4%
1I.P. FettermanUnited States
4%
1Phil ShaferUnited States
4%
4Roscoe SarlesUnited States
4%
1Bob FinleyUnited States
3%
2Bus WilbertUnited States
3%
2Charles Van AckerUnited States
3%
2Elbert BookerUnited States
3%
1George HammondUnited States
3%
1Jimmy GleasonUnited States
3%
1Joe VerebleyUnited States
3%
1Johnny MantzUnited States
3%
2Johnny ShacklefordUnited States
3%
1Keith AndrewsUnited States
3%
1Norman BattenUnited States
3%
2Oscar RidionUnited States
3%
2Tommy HinnershitzUnited States
3%
1Webb JayUnited States
3%

Score Distribution

Percentile by Number Answered

Percent of People with Each Score

Your Score History

You have not taken this quiz since the last reset